| 000 | 01489cam a2200373 a 4500 | ||
|---|---|---|---|
| 001 | 11785630 | ||
| 003 | OSt | ||
| 005 | 20140310184415.0 | ||
| 008 | 990908s2000 nyu c 000 1 eng | ||
| 010 | _a 99047621 | ||
| 020 | _a0374346593 | ||
| 040 |
_aDLC _cDLC _dDLC |
||
| 042 | _alcac | ||
| 050 | 0 | 0 |
_aPZ 7 _b.M63963Li 2002 |
| 100 | 1 |
_aMills, Claudia. _926011 |
|
| 245 | 1 | 0 |
_aLizzie at last / _cClaudia Mills. |
| 250 | _a1st ed. | ||
| 260 |
_aNew York : _bFarrar, Straus and Giroux, _c2000. |
||
| 300 |
_a151 p. ; _c22 cm. |
||
| 520 | _aLizzie, who has always been considered a nerd by the other kids, begins the seventh grade determined to change her image so that she can blend in better with the popular crowd. | ||
| 521 |
_aG5 _bLexile |
||
| 526 | _c750 | ||
| 562 | _eFor circulation. 2 copies in the collection | ||
| 650 | 1 |
_aPopularity _vFiction. _926347 |
|
| 650 | 1 |
_aIndividuality _vFiction. _926348 |
|
| 650 | 1 |
_aSchools _vFiction. _926349 |
|
| 856 | 4 | 2 |
_3Contributor biographical information _uhttp://www.loc.gov/catdir/bios/hol054/99047621.html |
| 856 | 4 | 2 |
_3Publisher description _uhttp://www.loc.gov/catdir/description/hol042/99047621.html |
| 906 |
_a7 _bcbc _corignew _d1 _eocip _f19 _gy-gencatlg |
||
| 942 |
_2lcc _cBK-SCHOLAS |
||
| 999 |
_c34149 _d34149 |
||